000 00758cam a2200205 i 4500
005 20251108175011.0
008 250721s2011 jo gr 000 0 ara d
082 1 4 _a070.43
_bخ و ر
100 1 _aالخوري، طارق موسى
_eمؤلف.
245 1 0 _aفن تحرير الأخبار :
_bأساسيات التحرير مقدمة الخبر وبنائة مع الأمثلة /
_cطارق موسى الخوري.
250 _aالطبعة الاولى.
264 3 1 _aعمان :
_bالمؤلف،
_c2011.
300 _a287 صفحة.
650 1 7 _aالصحافة.
650 1 7 _aالتحقيق الصحفي.
650 1 7 _aالمحررون
650 1 7 _aالتحرير ( الكتابة ).
942 _2ddc
_cBK
999 _c123593
_d123593